书目信息 |
| 题名: |
大学生专业学习指南
|
|
| 作者: | 刘湘溶 主编 ;张怀柔 本册主编 | |
| 分册: | 分册6 哲学、思想政治教育、行政管理、政治学与行政学、社会学、公共事业管理、劳动与社会保障 | |
| 出版信息: | 长沙 湖南师范大学出版社 2006.08 |
|
| 页数: | 317页 | |
| 开本: | 23cm | |
| 丛书名: | ||
| 单 册: | ||
| 中图分类: | G21 | |
| 科图分类: | ||
| 主题词: | 哲学--zhe xue--高等学校--教学参考资料 , 想政治教育--xiang zheng zhi jiao yu--高等学校--教学参考资料 , 政治学--zheng zhi xue--行政学--高等学校--教学参考资料 , 社会学--she hui xue--高等学校--教学参考资料 , 城市管理--cheng shi guan li--高等学校--教学参考资料 , 社会保障学--she hui bao zhang xue--高等学校--教学参考资料 | |
| 电子资源: | ||
| ISBN: | 7-81081-600-4 | |
| 000 | 01825nam0 2200349 450 | |
| 001 | 012007507048 | |
| 005 | 20071109163538.07 | |
| 010 | @a7-81081-600-4@dCNY26.00 | |
| 100 | @a20071109d2006 km y0chiy0120 ea | |
| 101 | 0 | @achi |
| 102 | @aCN@b430000 | |
| 105 | @ay a 000yy | |
| 106 | @ar | |
| 200 | 1 | @a大学生专业学习指南@Ada xue sheng zhuan ye xue xi zhi nan@d= Guide to specialized courses for university students@h分册6@i哲学、思想政治教育、行政管理、政治学与行政学、社会学、公共事业管理、劳动与社会保障@f刘湘溶主编@Fliu xiang rong zhu bian@g张怀柔本册主编@Gzhang huai rou ben ce zhu bian@zeng |
| 210 | @a长沙@c湖南师范大学出版社@d2006.08 | |
| 215 | @a317页@d23cm | |
| 320 | @a有书目 (第315-317页)。 | |
| 330 | @a本书以忠实于历史事实为宗旨, 准确评述了主要历史事件, 反映了作者们的学术观点。本书是专门为大学生的专业学习提供学习指南的辅导读物,主要读者对象是法学类的大学生。 | |
| 333 | @a本科生教材 | |
| 510 | 1 | @aGuide to specialized courses for university students@zeng |
| 517 | 1 | @a哲学、思想政治教育、行政管理、政治学与行政学、社会学、公共事业管理、劳动与社会保障@Azhe xue、si xiang zheng zhi jiao yu、xing zheng guan li、zheng zhi xue yu xing zheng xue、she hui xue、gong gong shi ye guan li、lao dong yu she hui bao zhang |
| 606 | 0 | @a哲学@Azhe xue@x高等学校@j教学参考资料 |
| 606 | 0 | @a想政治教育@Axiang zheng zhi jiao yu@x高等学校@j教学参考资料 |
| 606 | 0 | @a政治学@Azheng zhi xue@x行政学@x高等学校@j教学参考资料 |
| 606 | 0 | @a社会学@Ashe hui xue@x高等学校@j教学参考资料 |
| 606 | 0 | @a城市管理@Acheng shi guan li@x高等学校@j教学参考资料 |
| 606 | 0 | @a社会保障学@Ashe hui bao zhang xue@x高等学校@j教学参考资料 |
| 690 | @aG21@v4 | |
| 701 | 0 | @a刘湘溶@Aliu xiang rong@4主编 |
| 702 | 0 | @a张怀柔@Azhang huai rou@4本册主编 |
| 801 | 0 | @aCN@b@c20071109 |
| 905 | @b267489-91@dG21@eL695:6@f3 | |
| 大学生专业学习指南= Guide to specialized courses for university students.分册6.哲学、思想政治教育、行政管理、政治学与行政学、社会学、公共事业管理、劳动与社会保障/刘湘溶主编/张怀柔本册主编.-长沙:湖南师范大学出版社,2006.08 |
| 317页;23cm |
| 使用对象:本科生教材 |
| ISBN 7-81081-600-4:CNY26.00 |
| 本书以忠实于历史事实为宗旨, 准确评述了主要历史事件, 反映了作者们的学术观点。本书是专门为大学生的专业学习提供学习指南的辅导读物,主要读者对象是法学类的大学生。 |
| ● |
| 相关链接 |
|
|
|
正题名:大学生专业学习指南
索取号:G21/L695:6
 
预约/预借
| 序号 | 登录号 | 条形码 | 馆藏地/架位号 | 状态 | 备注 |
| 1 | 267489 | 202674891 | 社科库409/409社科库 57排4列1层/ [索取号:G21/L695:6] | 在馆 | |
| 2 | 267490 | 202674908 | 社科库409/409社科库 57排4列1层/ [索取号:G21/L695:6] | 在馆 | |
| 3 | 267491 | 202674917 | 社科库409/309社科库 84排2列5层/ [索取号:G21/L695:6] | 在馆 |